000 00303nam a22001337a 4500
008 170911b xxu||||| |||| 00| 0 eng d
020 _a0521291518
041 _aeng
080 _a52
100 _a42
101 _aAST
245 _aSPACE AND TIME IN THE MODERN UNIVERSE
_cDAVIIS,P.C
942 _2udc
_cBK
999 _c27066
_d27066